000 00195nam a2200085Ia 4500
008 120527s9999 xx 000 0 und d
100 _aBURNARD,Philip.
245 _aNurses counselling.
942 _cBK
999 _c23721
_d23721